الدراسات الصوتية عند علماء العربية / (رقم التسجيلة. 28236)

تفاصيل مارك
000 -الفاتح
حقل البيانات ثابتة الطول 00790nam a2200205 a 4500
003 - محدد رقم الضبط
رقم الضبط OSt
005 - وقت وتاريخ اخر تعامل مع التسجيلة
رقم الضبط 20150408114120.0
008 - عناصر البيانات ثابتة الطول - معلومات عامة
حقل البيانات ثابتة الطول 130224s2013 ly a g b f000 0 ara d
020 ## - الرقم الدولى المعيارى للكتب
الرقم الدولى المعيارى للكتاب 9789959256102
040 ## - مصدر الفهرسة
وكالة الفهرسة الأصلية Ma-Un
082 04 - رقم تصنيف ديوى العشرى
رقم التصنيف 411.5
رقم المادة ق ع د
رقم الطبعة 21
100 1# - المدخل الرئيسى - إسم شخصى
9 (RLIN) 21628
الإسم الشخصى قدوع، عبد الحميد الهادي.
245 12 - بيان العنوان
العنوان الدراسات الصوتية عند علماء العربية /
بيان المسئوليه,etc عبد الحميد الهادي قدوع.
250 ## - بيان الطبعة
بيان الطبعة ط. 1.
260 ## - PUBLICATION, DISTRIBUTION, ETC. (IMPRINT)
مكان الناشر او الموزع طرابلس، ليبيا :
اسم الناشر او الموزع وزارة الثقافة والمجتمع المدني،
تاريخ النشر أو التوزيع 2013
300 2# - الوصف المادى
التعداد 152 ص. :
تفاصيل ماديه اخرى للوعاء جداول، رسوم ؛
أبعاد الوعاء 24 سم.
504 ## - تبصرة ببليوجرافية
تبصرة ببليوجرافية,الخ ببليوجرافية : ص. 143-148.
650 #7 - المدخل الاضافى بالموضوع-مصطلح موضوعى
مصطلح موضوعي أو اسم جغرافي كعنصر مدخل اللغة العربية
التقسيم الفرعي العام علم الأصوات
مصدر الرأس أو المصطلح aucsh
9 (RLIN) 21806
942 ## - عناصر المدخل الإضافي( كوها)
مصدر التصنيف او مخطط الترفيف Dewey Decimal Classification
Koha [default] item type كتاب
المقتنيات
حالة الفقد نموذج السعر الفعال حالة تلف ليس للاعارة رقم الطلب رقم النسخة تاريخ الاكتساب الموقع الحالي الباركود الفرع الرئيسي Date last seen نوع المادة فى نظام كوها مصدر التصنيف او خطة الترفيف Total Checkouts Date last checked out
  2013-03-25   Not For Loan 411.5 ق ع د 1 2013-03-25 المكتبة المركزية بالمجمعة (CL) 00203308 المكتبة المركزية بالمجمعة (CL) 2013-03-25 كتاب Dewey Decimal Classification    
  2013-03-25     411.5 ق ع د 2 2013-03-25 المكتبة المركزية بالمجمعة (CL) 00203310 المكتبة المركزية بالمجمعة (CL) 2013-03-25 كتاب Dewey Decimal Classification    
  2013-03-25     411.5 ق ع د 3 2013-03-25 المكتبة المركزية بالمجمعة (CL) 00203309 المكتبة المركزية بالمجمعة (CL) 2013-03-25 كتاب Dewey Decimal Classification    
  2013-03-24   Not For Loan 411.5 ق ع د 1 2013-03-24 مكتبة مجمع الكليات بالزلفى - طلاب (SZM) 00201660 مكتبة مجمع الكليات بالزلفى - طلاب (SZM) 2013-03-24 كتاب Dewey Decimal Classification    
  2013-03-24     411.5 ق ع د 2 2013-03-24 مكتبة مجمع الكليات بالزلفى - طلاب (SZM) 00201662 مكتبة مجمع الكليات بالزلفى - طلاب (SZM) 2023-09-11 كتاب Dewey Decimal Classification 1 2023-09-04